000
00288nam a22001337a 4500
003
SGT
020
_a
978-81219-2608-9
082
_a
616.01
_b
B18D
100
_a
DUBEY, R.C.
245
_a
A TB. OF BIOTECHNOLOGY
260
_a
INDIA
_b
S.CHAND
_c
2018
300
_a
602
942
_2
ddc
_c
BK
_0
12
999
_c
16218
_d
16218